LDR 00903naa#a2200181#i#450# 001 RU\\bibl\19420 005 20260516123404.6 100 ## _a20260515b2026####ek#y0rusy0150####ca 102 ## _aRU 200 1# _aК ВОПРОСУ ЕСТЕСТВЕННОГО ЗАРАСТАНИЯ НАРУШЕННЫХ ЗЕМЕЛЬ ЦЧР _eСтатья/тезисы конференции 210 1# _aВоронеж _cВоронежский государственный лесотехнический университет имени Г.Ф. Морозова _d2026 215 ## _a8 с. 608 ## _aСтатья/тезисы конференции _2local 675 ## _aЛесное хозяйство. Лесоводство. 630 _z 700 #1 _aДеденко _gТатьяна Петровна 700 #1 _aГолядкина _gИнна Вячеславовна 700 #1 _aАлиева _gЕлена Сергеевна 856 4# _abibl.vgltu.ru _u